| 000 | 00544nam a2200181 i 4500 | ||
|---|---|---|---|
| 001 | 95176 | ||
| 003 | ES-MaACL | ||
| 005 | 20240417111739.0 | ||
| 007 | t| | ||
| 008 | 050524s1965 sp ||||1| spa d | ||
| 100 | 1 |
_aLuque Navajas, José. _974834 |
|
| 245 | 1 | 0 |
_aMálaga en el cante / _cJosé Luque Navajas; edición Angel Caffarena. |
| 260 |
_aMálaga : _bEl Guadalhorce, _c1965. |
||
| 300 |
_a94 p. : _bil. ; _c26 cm. |
||
| 700 | 1 |
_aCaffarena, Ángel, _d1914-1998 _933414 |
|
| 852 |
_aES-MaACL _jC-28063 _bR.57442 |
||
| 999 |
_c95176 _d95176 |
||